000 00625nam a2200217 u 4500
005 20240912063855.0
008 160601s2010 mx r 000 0 spa d
020 _a9786074562590
035 _aUPN01000210954
049 _aI
050 4 _aPQ7798.21 E5.9
_bM3.4
100 1 _aKeizman, Betina,
_d1966-
_932366
245 1 3 _aLa mancha negra /
_cBetina Keizman ; il. María Campiglia.
260 _aMéxico :
_bProgreso,
_cc2010.
300 _a[46] p. :
_bil. col.
440 0 _aRehilete
650 4 _aCuentos infantiles argentinos
_97466
650 4 _aMIEDOS INFANTILES
_96668
905 _aInfantil
999 _c183055
_d183055